Parentage of IRRI crosses 1021 - IR 50,000
Wedi'i Gadw mewn:
| Fformat: | Llyfr |
|---|---|
| Iaith: | Undetermined |
| Cyhoeddwyd: |
Manila, Philippines
IRRI
1985
|
| Pynciau: | |
| Tagiau: |
Ychwanegu Tag
Dim Tagiau, Byddwch y cyntaf i dagio'r cofnod hwn!
|
| Thư viện lưu trữ: | Trung tâm Học liệu Trường Đại học Cần Thơ |
|---|
| LEADER | 00431nam a2200169Ia 4500 | ||
|---|---|---|---|
| 001 | CTU_123198 | ||
| 008 | 210402s9999 xx 000 0 und d | ||
| 082 | |a 633.18 | ||
| 082 | |b I.71 | ||
| 245 | 0 | |a Parentage of IRRI crosses 1021 - IR 50,000 | |
| 245 | 0 | |c IRRI | |
| 260 | |a Manila, Philippines | ||
| 260 | |b IRRI | ||
| 260 | |c 1985 | ||
| 650 | |a Rice | ||
| 904 | |i M.Loan | ||
| 980 | |a Trung tâm Học liệu Trường Đại học Cần Thơ | ||